Utilisation des tourteaux de mungo dans l'aliment concentre pour la croissance des canards sampouv a la station experimentale de l'universite royale d'agriculture, (Record no. 2803)

000 -LEADER
fixed length control field 00529nam a22001577a 4500
003 - CONTROL NUMBER IDENTIFIER
control field OSt
005 - DATE AND TIME OF LATEST TRANSACTION
control field 20151027162612.0
008 - FIXED-LENGTH DATA ELEMENTS--GENERAL INFORMATION
fixed length control field 151027b xxu||||| |||| 00| 0 eng d
040 ## - CATALOGING SOURCE
Transcribing agency RUA
082 ## - DEWEY DECIMAL CLASSIFICATION NUMBER
Classification number VTF HEN 2002 B112 Or.1
100 ## - MAIN ENTRY--PERSONAL NAME
9 (RLIN) 2988
Personal name HENG VIRITH
245 ## - TITLE STATEMENT
Title Utilisation des tourteaux de mungo dans l'aliment concentre pour la croissance des canards sampouv a la station experimentale de l'universite royale d'agriculture,
260 ## - PUBLICATION, DISTRIBUTION, ETC. (IMPRINT)
Place of publication, distribution, etc. Phnom Penh
Name of publisher, distributor, etc. Rua
Date of publication, distribution, etc. 2002
300 ## - PHYSICAL DESCRIPTION
Extent v; 37p.
Other physical details ill.
Dimensions 29cm.
942 ## - ADDED ENTRY ELEMENTS (KOHA)
Source of classification or shelving scheme
Koha item type VTF
Holdings
Price effective from Date last seen Permanent Location Not for loan Date acquired Source of classification or shelving scheme Koha item type Barcode Lost status Damaged status Shelving location Withdrawn status Current Location Full call number
2015-10-272015-10-27Library Block B 2015-10-27 VTFRUA016660  B112 Library Block BVTF HEN 2002 B112 Or.1
2015-10-272015-10-27Library Block B 2015-10-27 VTFRUA017073  B112 Library Block BVTF HEN 2002 B112 Or.2
2015-10-272015-10-27Library Block B 2015-10-27 VTFRUA009678  B112 Library Block BVTF HEN 2002 B112 Or.3
2015-10-272015-10-27Library Block B 2015-10-27 VTFRUA025178  B112 Library Block BVTF HEN 2002 B112 Or.4
មជ្ឈមណ្ឌលឯការនៃសាកលវិទ្យាល័យភូមិន្ទកសិកម្មចំការដូង

Powered by Koha